000 00354nam a2200145Ia 4500
008 230917s9999||||xx |||||||||||||| ||und||
040 _e38404
_aMAIN
041 _aEnglish
082 _a954.03 A37B
100 _aAziz, K K
245 0 _aBritish imperialism in India
260 _aNew Delhi
_bAtlantic Publishers
_c1995
300 _a365 p.
942 _cBK
999 _c85470
_d85470